1693 1169 1865 1073 1231 1561 1936 1032 1628 1405 1227 1176 1191 1271 1310 1819 1628 1599 1212 1550 1218 1734 1852 1696 1712 1730 1952 1117 1206 1116 1690 1520 1924 1812 1791 1578 1471 1162 1078 1802 1958 1729 1439 1051 1234 1161 1102 1243 1800 1161 1415 1599 1051 1208 1620 1920 1543 1487 1495 1627 1705 1654 1469 1834 1953 1860 1734 1253 1220 1914 1472 1417 1482 1997 1442 1707 1411 1955 1258 1149 1783 1578 1468 1301 1293 1529 1048 1780 1851 1507 1399 1440 1574 1691 1183 1043 1850 1482 1452 BCNSPRNW ULIB Ver.6.0+V

เปลี่ยนเป็นภาษาไทย

Change to English
 แสดงรายละเอียดบรรณานุกรม
  กลับหน้าหลัก

Brief Record : Get Marc (ISO 2709) : E-mail record : QR code < ปิดหน้าต่าง
LEADER : 00000nam 2200000uu 4500
001    13399107697
003     ULIB
008    110124s2547||||th 000 0 tha d
020    974958709X
060 04 WY161^bอ779ป 2547
245 00 ประเด็นและแนวโน้มในการพยาบาลผ่าตัด 2 =^bIssues and trendsin perioperative care 2 /^cอุษาวดี อัศดรวิเศษ
246 31 Issues and trends in perioperative care
260    กรุงเทพฯ :^bภาควิชาการพยาบาลศัลยศาสตร์ คณะพยาบาลศาสตร์มหาวิทยาลัยมหิดล,^c2547
300    [6], 105 หน้า :^bภาพประกอบ ;^c27 ซม.
504    บรรณานุกรม
650  7 พยาบาลห้องผ่าตัด
650  7 ศัลยศาสตร์^xการพยาบาล
700 0  อุษาวดี อัศดรวิเศษ,^eบรรณาธิการ
710 2  มหาวิทยาลัยมหิดล. ^bคณะพยาบาลศาสตร์.^bภาควิชาการพยาบาลศัลยศาสตร์
945    ^p100^l0^i017573
945    ^p100^l0^i017572
945    ^p100^l0^i017571
945    ^p100^l0^i019782
945    ^p100^l0^i019759
945    ^p100^l0^i029419
945    ^p100^l0^i029420
945    ^p100^l0^i029421
945    ^p100^l0^i019783
995    เกษร
999 ^a ใช้งานได้ทุกระบบ
รายการนี้ยังไม่มีแท็ก
คุณยังไม่ได้ล็อกอิน คุณสามารถมีกิจกรรมร่วมกับเว็บไซต์ได้ แต่ต้องล็อกอินก่อน ::
  ล็อกอิน

รายการสื่อสารสนเทศ

ลำดับที่ ประเภท เลขเรียก/บาร์โค้ด สถานที่ สถานะ
- ไม่พบข้อมูล -

รายการใกล้เคียง
    หัวเรื่อง [พยาบาลห้องผ่าตัด]
    หัวเรื่อง [ศัลยศาสตร์ การพยาบาล]

BibComment


ยังไม่เคยถูกคอมเมนท์

คอมเมนท์ทรัพยากรรายการนี้
  คอมเมนท์: ประเด็นและแนวโน้ม..


 Copyright 2026. Bcnsprnw @Library